|
|
|
|
| LEADER |
00964nam a22002772a 4500 |
| 001 |
001661054 |
| 003 |
CZ BrMZK |
| 005 |
20190418141618.0 |
| 007 |
ta |
| 008 |
181215s1959 xo erf||||||||||slo d |
| 040 |
|
|
|a ABA001
|b cze
|c ABA001
|d ABA001
|d BOA001
|
| 072 |
|
7 |
|a 631
|x Zemědělství. Pedologie. Agrotechnika. Agroekologie
|2 Konspekt
|9 24
|
| 080 |
|
|
|a 631.8
|2 MRF
|
| 080 |
|
|
|a (036)
|2 MRF
|
| 100 |
1 |
|
|a Šanta, Michal
|7 jx20040116006
|4 aut
|
| 245 |
1 |
0 |
|a Zavádzanie systému hnojovicovania /
|c Autor: Michal Šanta
|
| 260 |
|
|
|a Bratislava :
|b Čs. štátny film,
|c 1959
|
| 300 |
|
|
|a 6 s.
|
| 490 |
1 |
|
|a Diafilm Povereníctva pôdohospodárstva
|
| 650 |
0 |
7 |
|a hnojení
|7 ph120767
|2 czenas
|
| 655 |
|
7 |
|a informační publikace
|7 fd132454
|2 czenas
|
| 830 |
|
0 |
|a Diafilm Povereníctva pôdohospodárstva
|
| 910 |
|
|
|a BOA001
|b X-0440.027
|
| 990 |
|
|
|a BK
|
| 991 |
|
|
|b 201812
|
| 996 |
7 |
|
|b 2618966906
|c X-0440.027
|l MZK
|r Sklad / do 24 hodin
|n 0
|w 001700237
|u 000010
|a 1
|e BOA001
|j MZK50
|s A
|